Flags of Countries 197 to 242 - Statistics

General Stats
  • This quiz has been taken 97 times
    89 since last reset
  • The average score is 21 of 46
Answer Stats
Picture Answer % Correct
Greenland
90%
Isle of Man
86%
Palestine
80%
American Samoa
76%
Hong Kong
76%
Western Sahara
76%
Guam
73%
Mayotte
73%
Macau
67%
{Faroe} Islands
63%
Gibraltar
63%
{Christmas} Island
61%
Puerto Rico
59%
{U}.{S}. {Virgin} Islands
57%
Aruba
55%
Jersey
53%
Niue
53%
{British} {Virgin} Islands
49%
{Cook} Islands
49%
Curaçao
49%
French Guiana
49%
Guernsey
47%
French Polynesia
43%
New Caledonia
43%
{Norfolk} Island
43%
{Northern} {Mariana} Islands
43%
{Cocos} Islands
39%
Tokelau
39%
{Cayman} Islands
37%
Martinique
37%
Anguilla
35%
Bermuda
35%
{Falkland} Islands
33%
Svalbard
29%
Réunion
24%
Guadeloupe
22%
Montserrat
22%
{Pitcairn} Islands
22%
Saint Pierre and Miquelon
22%
{Turks} {and} {Caicos} Islands
22%
Wallis and Futuna
22%
Sint Maarten
20%
Saint Barthélemy
16%
Saint Martin
12%
Caribbean Netherlands
8%
Saint Helena, Ascension and Tristan da Cunha
2%
No matching quizzes found
Score Distribution
Percent of People with Each Score
Percentile by Number Answered
Your Score History
You have not taken this quiz since the last reset